[Event "High League 2022 men"]
[Site "Obninsk"]
[Date "2022.06.29"]
[Round "4.2"]
[White "Iljiushenok, Ilia"]
[Black "Afanasiev, Nikita"]
[Result "1/2-1/2"]
[LiveChessVersion "1.4.7"]
[BlackElo "2583"]
[WhiteElo "2540"]

1. e4 {[%clk 1:30:56]} e5 {[%clk 1:30:55]} 2. Nf3 {[%clk 1:31:22]} Nc6
{[%clk 1:31:21]} 3. Bb5 {[%clk 1:31:48]} Nf6 {[%clk 1:31:46]} 4. d3
{[%clk 1:31:51]} Bc5 {[%clk 1:31:56]} 5. Nbd2 {[%clk 1:32:04]} O-O
{[%clk 1:31:34]} 6. Bxc6 {[%clk 1:31:34]} dxc6 {[%clk 1:31:49]} 7. Nc4
{[%clk 1:31:07]} Nd7 {[%clk 1:31:51]} 8. Ne3 {[%clk 1:30:53]} Re8
{[%clk 1:30:43]} 9. g4 {[%clk 1:31:05]} Nf8 {[%clk 1:22:12]} 10. Rg1
{[%clk 1:28:48]} Ng6 {[%clk 1:14:13]} 11. Nf5 {[%clk 1:26:39]} f6
{[%clk 1:11:58]} 12. h4 {[%clk 1:17:11]} Nf4 {[%clk 1:02:11]} 13. Bxf4
{[%clk 1:12:45]} exf4 {[%clk 1:02:15]} 14. Qd2 {[%clk 1:12:41]} g6
{[%clk 0:59:22]} 15. Nh6+ {[%clk 1:10:57]} Kg7 {[%clk 0:59:48]} 16. Qxf4
{[%clk 1:11:17]} Bb4+ {[%clk 0:59:09]} 17. Kf1 {[%clk 1:09:01]} Bd6
{[%clk 0:56:55]} 18. Qe3 {[%clk 0:52:38]} c5 {[%clk 0:53:08]} 19. h5
{[%clk 0:42:35]} g5 {[%clk 0:45:41]} 20. Nf5+ {[%clk 0:42:57]} Bxf5
{[%clk 0:46:05]} 21. gxf5 {[%clk 0:43:25]} Qe7 {[%clk 0:46:06]} 22. Nd2
{[%clk 0:32:55]} Kh8 {[%clk 0:39:48]} 23. Nc4 {[%clk 0:27:38]} Bf4
{[%clk 0:39:24]} 24. Qf3 {[%clk 0:27:54]} Qf7 {[%clk 0:37:50]} 25. a4
{[%clk 0:27:15]} b6 {[%clk 0:38:15]} 26. Re1 {[%clk 0:23:37]} Rad8
{[%clk 0:38:12]} 27. b3 {[%clk 0:22:27]} h6 {[%clk 0:35:21]} 28. Ne3
{[%clk 0:20:20]} Kh7 {[%clk 0:32:00]} 29. Ng4 {[%clk 0:17:08]} a5
{[%clk 0:25:48]} 30. Kg2 {[%clk 0:17:09]} Kg7 {[%clk 0:24:40]} 31. Re2
{[%clk 0:16:14]} Be5 {[%clk 0:22:32]} 32. Ne3 {[%clk 0:14:33]} Kh7
{[%clk 0:22:35]} 33. Ng4 {[%clk 0:14:30]} Kg7 {[%clk 0:22:55]} 34. Rh1
{[%clk 0:13:44]} Kh7 {[%clk 0:22:59]} 35. Ree1 {[%clk 0:13:50]} Rd6
{[%clk 0:22:34]} 36. Rd1 {[%clk 0:13:09]} Kg7 {[%clk 0:22:19]} 37. Rb1
{[%clk 0:13:19]} Bd4 {[%clk 0:21:15]} 38. Rbc1 {[%clk 0:13:20]} Bb2
{[%clk 0:21:12]} 39. Rcd1 {[%clk 0:13:47]} Bd4 {[%clk 0:20:54]} 40. Rb1
{[%clk 0:44:12]} Bc3 {[%clk 0:50:25]} 41. Rbd1 {[%clk 0:43:12]} Bd4
{[%clk 0:44:42]} 42. Rdf1 {[%clk 0:43:21]} Kh7 {[%clk 0:43:44]} 43. Re1
{[%clk 0:42:49]} Rd7 {[%clk 0:37:33]} 44. Re2 {[%clk 0:42:59]} Rde7
{[%clk 0:36:42]} 45. Rg1 {[%clk 0:39:16]} Kg7 {[%clk 0:36:28]} 46. Nh2
{[%clk 0:36:29]} Kh7 {[%clk 0:34:38]} 47. Qg4 {[%clk 0:36:33]} Rd8
{[%clk 0:33:35]} 48. Kh3 {[%clk 0:36:39]} Be5 {[%clk 0:33:25]} 49. Nf3
{[%clk 0:36:04]} Bc3 {[%clk 0:33:19]} 50. Nh2 {[%clk 0:30:54]} Be5
{[%clk 0:32:05]} 51. Nf1 {[%clk 0:31:20]} Ree8 {[%clk 0:31:42]} 52. Ne3
{[%clk 0:31:32]} Kh8 {[%clk 0:31:05]} 53. Nc4 {[%clk 0:30:17]} Bf4
{[%clk 0:30:19]} 54. Rge1 {[%clk 0:25:12]} Rd4 {[%clk 0:27:47]} 55. Rg1
{[%clk 0:18:37]} Rdd8 {[%clk 0:27:04]} 56. Ne3 {[%clk 0:18:55]} Be5
{[%clk 0:27:06]} 57. Nd5 {[%clk 0:18:22]} Rg8 {[%clk 0:26:40]} 58. Rg2
{[%clk 0:18:04]} Bd6 {[%clk 0:26:26]} 59. Re1 {[%clk 0:18:11]} Be5
{[%clk 0:26:37]} 60. Reg1 {[%clk 0:17:51]} Rb8 {[%clk 0:25:32]} 61. Ne3
{[%clk 0:16:08]} 1/2-1/2

[Event "High League 2022 men"]
[Site "Obninsk"]
[Date "2022.06.29"]
[Round "4.3"]
[White "Riazantsev, Alexander"]
[Black "Sychev, Klementy"]
[Result "1/2-1/2"]
[LiveChessVersion "1.4.7"]
[BlackElo "2534"]
[WhiteElo "2635"]

1. e4 {[%clk 1:30:57]} e6 {[%clk 1:28:58]} 2. d4 {[%clk 1:27:52]} d5
{[%clk 1:29:10]} 3. Nc3 {[%clk 1:28:00]} Nf6 {[%clk 1:29:16]} 4. e5
{[%clk 1:20:17]} Nfd7 {[%clk 1:29:09]} 5. Nce2 {[%clk 1:20:29]} c5
{[%clk 1:29:29]} 6. c3 {[%clk 1:20:41]} Nc6 {[%clk 1:29:52]} 7. f4
{[%clk 1:19:15]} Be7 {[%clk 1:26:27]} 8. Nf3 {[%clk 1:18:33]} O-O 9. a3
{[%clk 0:51:59]} f6 {[%clk 0:56:56]} 10. h4 {[%clk 0:43:18]} Qb6 {[%clk 0:42:01]}
11. b4 {[%clk 0:35:51]} Qc7 {[%clk 0:20:50]} 12. bxc5 {[%clk 0:11:13]} b6
{[%clk 0:20:34]} 13. cxb6 {[%clk 0:09:44]} Nxb6 {[%clk 0:17:15]} 14. Ng3
{[%clk 0:09:57]} Na5 {[%clk 0:09:10]} 15. exf6 {[%clk 0:07:11]} Bxf6
{[%clk 0:06:50]} 16. Qc2 {[%clk 0:06:38]} Bd7 {[%clk 0:06:46]} 17. a4
{[%clk 0:04:18]} Rac8 {[%clk 0:06:38]} 18. Ne2 {[%clk 0:02:23]} Be8
{[%clk 0:03:54]} 19. h5 {[%clk 0:02:52]} Bd7 {[%clk 0:02:33]} 20. g4
{[%clk 0:02:18]} Nbc4 {[%clk 0:01:58]} 21. Ng3 {[%clk 0:01:35]} Nd6
{[%clk 0:01:43]} 22. Bd2 {[%clk 0:00:48]} Nac4 {[%clk 0:02:06]} 23. Bc1
{[%clk 0:00:58]} Na5 {[%clk 0:02:19]} 24. Bd2 {[%clk 0:00:43]} Nac4
{[%clk 0:02:44]} 25. Bc1 {[%clk 0:00:48]} 1/2-1/2

[Event "High League 2022 men"]
[Site "Obninsk"]
[Date "2022.06.29"]
[Round "4.4"]
[White "Shubin, Kirill"]
[Black "Chigaev, Maksim"]
[Result "1/2-1/2"]
[LiveChessVersion "1.4.7"]
[BlackElo "2631"]
[WhiteElo "2475"]

1. e4 {[%clk 1:30:57]} c5 {[%clk 1:30:49]} 2. Nf3 {[%clk 1:31:23]} d6
{[%clk 1:31:11]} 3. Bb5+ {[%clk 1:31:49]} Nd7 {[%clk 1:31:33]} 4. Ba4
{[%clk 1:32:15]} Ngf6 {[%clk 1:31:39]} 5. O-O {[%clk 1:32:36]} e6
{[%clk 1:31:58]} 6. d3 {[%clk 1:32:58]} Be7 {[%clk 1:32:18]} 7. c4
{[%clk 1:33:11]} O-O {[%clk 1:32:32]} 8. Nc3 {[%clk 1:33:38]} b6 {[%clk 1:31:10]}
9. h3 {[%clk 1:32:58]} a6 {[%clk 1:31:00]} 10. Qe2 {[%clk 1:32:53]} Bb7
{[%clk 1:22:13]} 11. Rb1 {[%clk 1:30:54]} Qc7 {[%clk 1:14:07]} 1/2-1/2

[Event "High League 2022 men"]
[Site "Obninsk"]
[Date "2022.06.29"]
[Round "4.5"]
[White "Dreev, Aleksey"]
[Black "Sviridov, Valery"]
[Result "1/2-1/2"]
[LiveChessVersion "1.4.7"]
[BlackElo "2571"]
[WhiteElo "2610"]

1. d4 {[%clk 1:30:57]} d5 {[%clk 1:30:51]} 2. c4 {[%clk 1:31:09]} c6
{[%clk 1:31:07]} 3. Nf3 {[%clk 1:30:53]} Nf6 {[%clk 1:31:26]} 4. e3
{[%clk 1:30:50]} Bg4 {[%clk 1:30:55]} 5. Nc3 {[%clk 1:28:43]} e6 {[%clk 1:30:16]}
6. h3 {[%clk 1:29:01]} Bxf3 {[%clk 1:27:38]} 7. Qxf3 {[%clk 1:28:28]} Nbd7
{[%clk 1:27:45]} 8. Bd2 {[%clk 1:18:36]} Bd6 {[%clk 1:22:01]} 9. g4
{[%clk 1:09:04]} dxc4 {[%clk 1:11:13]} 10. Bxc4 {[%clk 1:09:08]} O-O
{[%clk 1:11:31]} 11. Bb3 {[%clk 1:05:51]} Nd5 {[%clk 0:56:56]} 12. h4
{[%clk 0:59:30]} Qe7 {[%clk 0:53:45]} 13. a3 {[%clk 0:53:20]} 1/2-1/2

[Event "High League 2022 men"]
[Site "Obninsk"]
[Date "2022.06.29"]
[Round "4.6"]
[White "Nesterov, Arseniy"]
[Black "Lysyj, Igor"]
[Result "1/2-1/2"]
[LiveChessVersion "1.4.7"]
[BlackElo "2604"]
[WhiteElo "2566"]

1. d4 {[%clk 1:30:57]} Nf6 {[%clk 1:29:25]} 2. c4 {[%clk 1:31:18]} e6
{[%clk 1:29:51]} 3. Nf3 {[%clk 1:31:44]} d5 {[%clk 1:30:03]} 4. Nc3
{[%clk 1:32:07]} Be7 {[%clk 1:30:30]} 5. Bg5 {[%clk 1:32:12]} dxc4
{[%clk 1:30:46]} 6. e3 {[%clk 1:30:59]} c5 {[%clk 1:30:52]} 7. Bxc4
{[%clk 1:29:40]} cxd4 {[%clk 1:31:02]} 8. Nxd4 {[%clk 1:27:45]} Bd7
{[%clk 1:31:09]} 9. O-O {[%clk 1:27:16]} Nc6 {[%clk 1:31:23]} 10. Nf3
{[%clk 1:25:37]} O-O {[%clk 1:31:18]} 11. Qe2 {[%clk 1:25:54]} Qa5
{[%clk 1:31:11]} 12. a3 {[%clk 1:22:57]} Ne5 {[%clk 1:31:18]} 1/2-1/2

[Event "High League 2022 men"]
[Site "Obninsk"]
[Date "2022.06.29"]
[Round "4.7"]
[White "Murzin, Volodar"]
[Black "Zvjaginsev, Vadim"]
[Result "1/2-1/2"]
[LiveChessVersion "1.4.7"]
[BlackElo "2603"]
[WhiteElo "2549"]

1. e4 {[%clk 1:30:58]} e5 {[%clk 1:30:45]} 2. Nf3 {[%clk 1:31:22]} Nf6
{[%clk 1:31:09]} 3. Nxe5 {[%clk 1:28:48]} d6 {[%clk 1:30:50]} 4. Nf3
{[%clk 1:29:12]} Nxe4 {[%clk 1:31:12]} 5. Nc3 {[%clk 1:22:42]} Nf6
{[%clk 1:31:12]} 6. d4 {[%clk 1:22:13]} Be7 {[%clk 1:31:35]} 7. Bd3
{[%clk 1:21:21]} O-O {[%clk 1:31:44]} 8. h3 {[%clk 1:20:45]} Re8 {[%clk 1:31:40]}
9. O-O {[%clk 1:21:07]} Nbd7 {[%clk 1:30:48]} 10. Bg5 {[%clk 1:18:20]} h6
{[%clk 1:29:36]} 11. Bh4 {[%clk 1:15:54]} a6 {[%clk 1:27:29]} 12. a4
{[%clk 1:08:50]} b6 {[%clk 1:27:51]} 13. Nb1 1/2-1/2

[Event "High League 2022 men"]
[Site "Obninsk"]
[Date "2022.06.29"]
[Round "4.8"]
[White "Alekseev, Evgeny"]
[Black "Zakhartsov, Vladimir"]
[Result "1/2-1/2"]
[LiveChessVersion "1.4.7"]
[BlackElo "2483"]
[WhiteElo "2601"]

1. e4 {[%clk 1:30:57]} c6 {[%clk 1:29:00]} 2. Nf3 {[%clk 1:24:53]} d5
{[%clk 1:29:17]} 3. d3 {[%clk 1:25:11]} dxe4 {[%clk 1:28:54]} 4. dxe4
{[%clk 1:25:32]} Qxd1+ {[%clk 1:29:20]} 5. Kxd1 {[%clk 1:25:57]} Nf6
{[%clk 1:29:32]} 6. Nfd2 {[%clk 1:25:28]} Ng4 {[%clk 1:28:42]} 7. Ke1
{[%clk 1:23:49]} e5 {[%clk 1:28:30]} 8. Nc4 {[%clk 1:23:25]} Be6 {[%clk 1:12:49]}
9. f3 {[%clk 1:09:49]} Bxc4 {[%clk 1:13:14]} 10. Bxc4 {[%clk 1:10:12]} Nf6
{[%clk 1:13:41]} 11. a4 {[%clk 1:07:00]} a5 {[%clk 1:14:06]} 12. Nd2
{[%clk 1:04:52]} Nbd7 {[%clk 1:14:11]} 13. Be2 {[%clk 1:01:22]} Bc5
{[%clk 1:01:44]} 14. Nc4 {[%clk 0:58:21]} Ke7 {[%clk 1:00:55]} 15. Bd2
{[%clk 0:51:47]} b6 {[%clk 1:01:20]} 16. c3 {[%clk 0:49:55]} Rhc8
{[%clk 1:01:16]} 17. Kd1 {[%clk 0:49:30]} Ne8 {[%clk 1:00:47]} 18. Kc2
{[%clk 0:47:51]} Nd6 {[%clk 1:00:43]} 19. Ne3 {[%clk 0:48:13]} g6
{[%clk 0:57:02]} 20. g3 {[%clk 0:45:40]} Nf8 {[%clk 0:56:17]} 21. Bd3
{[%clk 0:39:09]} Ne6 {[%clk 0:51:12]} 22. Rhf1 {[%clk 0:37:54]} f6
{[%clk 0:50:56]} 23. Ng4 {[%clk 0:30:59]} h5 {[%clk 0:49:48]} 24. Ne3
{[%clk 0:31:22]} h4 {[%clk 0:45:36]} 25. Ng4 {[%clk 0:28:27]} hxg3
{[%clk 0:44:23]} 26. hxg3 {[%clk 0:28:56]} g5 {[%clk 0:44:42]} 27. Rh1
{[%clk 0:24:50]} Rh8 {[%clk 0:45:06]} 28. Raf1 {[%clk 0:25:03]} Nf7
{[%clk 0:43:07]} 29. Bc4 {[%clk 0:21:32]} Nd6 {[%clk 0:42:49]} 30. Ba2
{[%clk 0:20:16]} Nf7 {[%clk 0:40:54]} 31. Kd1 {[%clk 0:12:31]} Nd6
{[%clk 0:37:59]} 32. Nh6 {[%clk 0:12:06]} Kd7 {[%clk 0:33:52]} 33. Rh5
{[%clk 0:08:35]} Ng7 {[%clk 0:33:42]} 34. Rhh1 {[%clk 0:07:56]} Ne6
{[%clk 0:33:16]} 35. Ke2 {[%clk 0:07:26]} Ng7 {[%clk 0:32:02]} 36. Bc1
{[%clk 0:03:04]} Kc7 {[%clk 0:31:45]} 37. g4 {[%clk 0:00:48]} Kd7
{[%clk 0:29:38]} 38. Nf5 {[%clk 0:01:13]} 1/2-1/2

[Event "High League 2022 men"]
[Site "Obninsk"]
[Date "2022.06.29"]
[Round "4.9"]
[White "Kokarev, Dmitry"]
[Black "Grebnev, Aleksey"]
[Result "1-0"]
[LiveChessVersion "1.4.7"]
[BlackElo "2439"]
[WhiteElo "2582"]

1. e4 {[%clk 1:30:56]} c5 {[%clk 1:30:52]} 2. Nf3 {[%clk 1:31:15]} d6
{[%clk 1:30:32]} 3. d4 {[%clk 1:30:30]} cxd4 {[%clk 1:30:54]} 4. Nxd4
{[%clk 1:30:54]} Nf6 {[%clk 1:31:20]} 5. Nc3 {[%clk 1:31:18]} a6 {[%clk 1:31:44]}
6. g3 {[%clk 1:31:17]} e5 {[%clk 1:31:54]} 7. Nde2 {[%clk 1:31:40]} Be7
{[%clk 1:31:28]} 8. Bg2 {[%clk 1:31:59]} b5 {[%clk 1:31:32]} 9. Nd5
{[%clk 1:32:21]} Nbd7 {[%clk 1:30:02]} 10. Nec3 {[%clk 1:32:31]} Bb7
{[%clk 1:28:56]} 11. O-O {[%clk 1:32:47]} O-O {[%clk 1:28:48]} 12. Ne3
{[%clk 1:33:06]} b4 {[%clk 1:21:29]} 13. Ncd5 {[%clk 1:33:24]} Nxd5
{[%clk 1:21:01]} 14. Nxd5 {[%clk 1:33:43]} Bxd5 {[%clk 1:19:41]} 15. Qxd5
{[%clk 1:33:44]} Qc7 {[%clk 1:19:23]} 16. Qd3 {[%clk 1:23:26]} Nc5
{[%clk 1:15:33]} 17. Qc4 {[%clk 1:21:48]} Qb7 {[%clk 1:14:10]} 18. a3
{[%clk 1:09:19]} a5 {[%clk 1:08:52]} 19. axb4 {[%clk 1:03:57]} axb4
{[%clk 1:08:01]} 20. Be3 {[%clk 1:01:32]} Rxa1 {[%clk 1:00:48]} 21. Rxa1
{[%clk 1:01:55]} Rc8 {[%clk 1:01:08]} 22. h4 {[%clk 0:57:23]} h5 {[%clk 0:59:21]}
23. Ra5 {[%clk 0:51:06]} Rb8 {[%clk 0:54:36]} 24. Ra1 {[%clk 0:43:20]} Rc8
{[%clk 0:54:12]} 25. Qa2 {[%clk 0:40:46]} g6 {[%clk 0:48:07]} 26. Qa7
{[%clk 0:36:51]} Rc7 {[%clk 0:45:04]} 27. Qxb7 {[%clk 0:36:31]} Rxb7
{[%clk 0:45:15]} 28. b3 {[%clk 0:32:28]} Rc7 {[%clk 0:42:51]} 29. Ra2
{[%clk 0:30:11]} Ne6 {[%clk 0:40:51]} 30. Bf1 {[%clk 0:26:16]} g5
{[%clk 0:40:13]} 31. hxg5 {[%clk 0:26:30]} Bxg5 {[%clk 0:40:22]} 32. Bxg5
{[%clk 0:25:36]} Nxg5 {[%clk 0:40:48]} 33. Bd3 {[%clk 0:25:56]} Nf3+
{[%clk 0:37:46]} 34. Kf1 {[%clk 0:26:13]} Nd4 {[%clk 0:31:49]} 35. Ra6
{[%clk 0:23:17]} Nxc2 {[%clk 0:27:30]} 36. Rxd6 {[%clk 0:23:27]} Nd4
{[%clk 0:27:15]} 37. Bc4 {[%clk 0:23:13]} Kg7 {[%clk 0:26:37]} 38. Rb6
{[%clk 0:20:31]} f5 {[%clk 0:22:20]} 39. exf5 {[%clk 0:20:12]} Nxf5
{[%clk 0:22:45]} 40. Rxb4 {[%clk 0:50:20]} Nd4 {[%clk 0:44:07]} 41. Rb6
{[%clk 0:48:22]} e4 {[%clk 0:39:00]} 42. Kg2 {[%clk 0:34:53]} Re7
{[%clk 0:34:25]} 43. Rd6 {[%clk 0:34:06]} Nf5 {[%clk 0:32:14]} 44. Re6
{[%clk 0:30:30]} Rxe6 {[%clk 0:32:27]} 45. Bxe6 {[%clk 0:30:53]} e3
{[%clk 0:32:51]} 46. fxe3 {[%clk 0:31:05]} Nxe3+ {[%clk 0:32:54]} 47. Kf3
{[%clk 0:29:32]} Nc2 {[%clk 0:31:27]} 48. Kf4 {[%clk 0:26:35]} Kf6
{[%clk 0:30:58]} 49. Bd7 {[%clk 0:23:56]} Nb4 {[%clk 0:25:44]} 50. Be8
{[%clk 0:23:24]} h4 {[%clk 0:13:23]} 51. gxh4 {[%clk 0:23:30]} Nd3+
{[%clk 0:13:47]} 52. Kg3 {[%clk 0:22:02]} Nb4 {[%clk 0:13:26]} 53. Bh5
{[%clk 0:22:01]} Nc6 {[%clk 0:13:30]} 54. Bf3 {[%clk 0:21:38]} Nb4
{[%clk 0:13:52]} 55. Be4 {[%clk 0:20:54]} Ke5 {[%clk 0:13:43]} 56. h5
{[%clk 0:20:28]} 1-0

[Event "High League 2022 men"]
[Site "Obninsk"]
[Date "2022.06.29"]
[Round "4.10"]
[White "Rakhmanov, Aleksandr"]
[Black "Remizov, Yaroslav"]
[Result "1-0"]
[LiveChessVersion "1.4.7"]
[BlackElo "2390"]
[WhiteElo "2635"]

1. d4 {[%clk 1:30:57]} Nf6 {[%clk 1:30:55]} 2. c4 {[%clk 1:31:18]} e6
{[%clk 1:31:21]} 3. Nc3 {[%clk 1:31:31]} Bb4 {[%clk 1:31:46]} 4. e3
{[%clk 1:30:18]} O-O {[%clk 1:31:45]} 5. Bd3 {[%clk 1:30:16]} d5 {[%clk 1:30:48]}
6. cxd5 {[%clk 1:28:35]} exd5 {[%clk 1:30:36]} 7. a3 {[%clk 1:26:58]} Bd6
{[%clk 1:29:56]} 8. Qc2 {[%clk 1:27:17]} Na6 {[%clk 1:11:42]} 9. Nf3
{[%clk 1:21:11]} c5 {[%clk 1:10:08]} 10. O-O {[%clk 1:18:28]} c4 {[%clk 1:07:25]}
11. Be2 {[%clk 1:18:23]} Nc7 {[%clk 1:06:34]} 12. a4 Bg4 {[%clk 0:54:53]} 13. b3
{[%clk 1:06:04]} Rc8 {[%clk 0:53:33]} 14. bxc4 {[%clk 0:59:54]} dxc4
{[%clk 0:53:57]} 15. Rb1 {[%clk 0:59:59]} Ncd5 {[%clk 0:49:56]} 16. Nxd5
{[%clk 0:57:49]} Nxd5 {[%clk 0:50:20]} 17. Rxb7 {[%clk 0:51:23]} Bh5
{[%clk 0:45:51]} 18. e4 {[%clk 0:47:33]} Bg6 {[%clk 0:43:31]} 19. Ne5
{[%clk 0:42:30]} Nb4 {[%clk 0:25:20]} 20. Qc3 {[%clk 0:36:51]} Bxe5
{[%clk 0:18:32]} 21. dxe5 {[%clk 0:37:05]} Nd3 {[%clk 0:18:58]} 22. e6
{[%clk 0:32:26]} Qf6 {[%clk 0:11:07]} 23. Qxf6 {[%clk 0:31:59]} gxf6
{[%clk 0:11:35]} 24. e7 {[%clk 0:29:47]} Rfe8 {[%clk 0:12:03]} 25. Bg4
{[%clk 0:26:18]} Nxc1 {[%clk 0:04:11]} 26. Rxc1 {[%clk 0:22:50]} Rc5
{[%clk 0:04:37]} 27. f3 {[%clk 0:22:07]} a5 {[%clk 0:04:57]} 28. Kf2
{[%clk 0:16:30]} Re5 {[%clk 0:04:52]} 29. Rxc4 {[%clk 0:16:35]} R8xe7
{[%clk 0:05:18]} 30. Rxe7 {[%clk 0:16:45]} Rxe7 {[%clk 0:05:45]} 31. Rc5
{[%clk 0:16:33]} Re5 {[%clk 0:04:27]} 32. Rxe5 {[%clk 0:16:18]} fxe5
{[%clk 0:04:39]} 33. Bf5 {[%clk 0:16:17]} Bxf5 {[%clk 0:04:54]} 34. exf5
{[%clk 0:16:41]} Kg7 {[%clk 0:05:22]} 35. Ke3 {[%clk 0:16:39]} Kh6
{[%clk 0:05:30]} 36. Ke4 {[%clk 0:15:58]} f6 {[%clk 0:05:56]} 37. g3
{[%clk 0:14:35]} 1-0

[Event "High League 2022 men"]
[Site "Obninsk"]
[Date "2022.06.29"]
[Round "4.11"]
[White "Shakirov, Marat"]
[Black "Goryachkina, Aleksandra"]
[Result "1/2-1/2"]
[LiveChessVersion "1.4.7"]
[BlackElo "2599"]
[WhiteElo "2290"]

1. d4 {[%clk 1:30:58]} Nf6 {[%clk 1:30:45]} 2. c4 {[%clk 1:31:20]} e6
{[%clk 1:30:46]} 3. g3 {[%clk 1:31:18]} d5 {[%clk 1:30:10]} 4. Nf3
{[%clk 1:31:34]} dxc4 {[%clk 1:29:50]} 5. Bg2 {[%clk 1:31:58]} a6
{[%clk 1:29:00]} 6. O-O {[%clk 1:31:15]} Nc6 {[%clk 1:28:19]} 7. e3
{[%clk 1:26:13]} Bd7 {[%clk 1:26:41]} 8. Nc3 {[%clk 1:21:42]} Be7
{[%clk 1:15:01]} 9. Ne5 {[%clk 1:20:59]} Na5 {[%clk 1:07:31]} 10. b3
{[%clk 1:06:56]} cxb3 {[%clk 1:03:11]} 11. axb3 {[%clk 1:07:04]} Nc6
{[%clk 1:03:06]} 12. Nxc6 {[%clk 1:06:21]} Bxc6 {[%clk 1:03:26]} 13. Bxc6+
{[%clk 1:06:43]} bxc6 {[%clk 1:03:52]} 14. Ba3 {[%clk 1:06:21]} O-O
{[%clk 1:00:56]} 15. Qc2 {[%clk 1:05:35]} a5 {[%clk 0:48:23]} 16. Ne4
{[%clk 0:52:52]} Nxe4 {[%clk 0:42:17]} 17. Qxe4 {[%clk 0:53:12]} Bxa3
{[%clk 0:37:22]} 18. Rxa3 {[%clk 0:53:37]} Qd5 {[%clk 0:36:21]} 19. Qxd5
{[%clk 0:53:34]} cxd5 {[%clk 0:36:50]} 20. Rfa1 {[%clk 0:53:42]} Rab8
{[%clk 0:35:22]} 21. Rc1 {[%clk 0:53:57]} Rfc8 {[%clk 0:33:55]} 22. Rxa5
{[%clk 0:53:27]} Rb7 {[%clk 0:33:06]} 23. Rac5 {[%clk 0:53:06]} Kf8
{[%clk 0:33:16]} 24. b4 {[%clk 0:50:26]} Ke7 {[%clk 0:30:36]} 25. b5
{[%clk 0:50:50]} Kd7 {[%clk 0:29:46]} 26. Ra1 {[%clk 0:51:06]} Rcb8
{[%clk 0:25:58]} 1/2-1/2

[Event "High League 2022 men"]
[Site "Obninsk"]
[Date "2022.06.29"]
[Round "4.12"]
[White "Belyakov, Bogdan"]
[Black "Kryakvin, Dmitry"]
[Result "1/2-1/2"]
[LiveChessVersion "1.4.7"]
[BlackElo "2524"]
[WhiteElo "2448"]

1. e4 {[%clk 1:30:58]} c5 {[%clk 1:30:49]} 2. Nf3 {[%clk 1:31:07]} e6
{[%clk 1:31:10]} 3. c3 {[%clk 1:27:16]} Nf6 {[%clk 1:30:04]} 4. e5
{[%clk 1:27:38]} Nd5 {[%clk 1:30:26]} 5. d4 {[%clk 1:24:55]} cxd4
{[%clk 1:30:48]} 6. cxd4 {[%clk 1:25:20]} b6 {[%clk 1:24:04]} 7. Bc4
{[%clk 1:22:40]} Ba6 {[%clk 1:19:12]} 8. Bxa6 {[%clk 1:03:23]} Nxa6
{[%clk 1:19:13]} 9. O-O {[%clk 1:03:46]} Be7 {[%clk 1:18:09]} 10. Nbd2
{[%clk 1:04:02]} O-O {[%clk 1:14:59]} 11. Ne4 {[%clk 1:03:10]} d6
{[%clk 1:12:57]} 12. Qa4 {[%clk 0:54:59]} Nac7 {[%clk 1:08:18]} 13. Bg5
{[%clk 0:47:51]} f6 {[%clk 0:52:45]} 14. exd6 {[%clk 0:44:28]} Bxd6
{[%clk 0:50:50]} 15. Bh4 {[%clk 0:43:25]} Bf4 {[%clk 0:47:31]} 16. Rfe1
{[%clk 0:41:40]} Qe8 {[%clk 0:43:44]} 17. Qa3 {[%clk 0:32:43]} Qd7
{[%clk 0:40:46]} 18. Bg3 {[%clk 0:32:33]} Rfd8 {[%clk 0:40:02]} 19. Re2
{[%clk 0:25:06]} Rac8 {[%clk 0:32:49]} 20. Rae1 {[%clk 0:23:32]} Nb5
{[%clk 0:32:08]} 21. Qb3 {[%clk 0:20:53]} Rc1 {[%clk 0:29:00]} 22. Rxc1
{[%clk 0:16:39]} Bxc1 {[%clk 0:29:08]} 23. a4 {[%clk 0:16:56]} Nbc7
{[%clk 0:29:06]} 24. Bxc7 {[%clk 0:15:09]} Nxc7 {[%clk 0:27:35]} 25. g3
{[%clk 0:14:14]} Nd5 {[%clk 0:26:55]} 26. Nc3 {[%clk 0:10:49]} Bh6
{[%clk 0:23:30]} 27. Nxd5 {[%clk 0:10:57]} exd5 {[%clk 0:23:55]} 28. Kg2
{[%clk 0:11:19]} g6 {[%clk 0:24:00]} 1/2-1/2

[Event "High League 2022 men"]
[Site "Obninsk"]
[Date "2022.06.29"]
[Round "4.13"]
[White "Kezin, Roman"]
[Black "Shoboev, Dandar"]
[Result "1-0"]
[LiveChessVersion "1.4.7"]
[BlackElo "2244"]
[WhiteElo "2516"]

1. d4 {[%clk 1:30:55]} Nf6 {[%clk 1:30:54]} 2. c4 {[%clk 1:31:21]} e6
{[%clk 1:31:19]} 3. Nf3 {[%clk 1:31:46]} d5 {[%clk 1:31:44]} 4. Nc3
{[%clk 1:32:09]} Bb4 {[%clk 1:31:57]} 5. Qa4+ {[%clk 1:21:12]} Nc6
{[%clk 1:32:16]} 6. a3 {[%clk 1:17:37]} Be7 {[%clk 1:17:47]} 7. e3
{[%clk 1:16:27]} O-O {[%clk 1:17:22]} 8. Qc2 {[%clk 1:16:48]} a6 {[%clk 1:10:57]}
9. b3 {[%clk 0:57:51]} Bd6 {[%clk 1:05:53]} 10. c5 {[%clk 0:44:41]} Be7
{[%clk 1:05:29]} 11. b4 {[%clk 0:40:05]} Re8 {[%clk 0:59:50]} 12. Bd3
{[%clk 0:39:57]} h6 {[%clk 0:55:34]} 13. Bb2 {[%clk 0:35:13]} Bf8
{[%clk 0:45:22]} 14. Ne2 {[%clk 0:32:42]} e5 {[%clk 0:36:33]} 15. dxe5
{[%clk 0:33:03]} Ng4 {[%clk 0:36:59]} 16. e6 {[%clk 0:33:30]} Bxe6
{[%clk 0:37:23]} 17. Rd1 {[%clk 0:33:26]} Qe7 {[%clk 0:26:52]} 18. Nf4
{[%clk 0:29:31]} Nf6 {[%clk 0:24:47]} 19. O-O {[%clk 0:26:09]} g6
{[%clk 0:17:40]} 20. Rd2 {[%clk 0:23:15]} Nd8 {[%clk 0:13:43]} 21. Bxg6
{[%clk 0:21:30]} fxg6 {[%clk 0:13:54]} 22. Qxg6+ {[%clk 0:21:51]} Qg7
{[%clk 0:12:15]} 23. Bxf6 {[%clk 0:14:27]} Qxg6 {[%clk 0:12:07]} 24. Nxg6
{[%clk 0:14:55]} 1-0